| 000 | 00508nam a2200157 a 4500 | ||
|---|---|---|---|
| 001 | 000047431 | ||
| 005 | 20201002060533.0 | ||
| 008 | 180529s2017 dr 000 spa d | ||
| 020 | _a9789945590647 | ||
| 040 |
_aDO-SdBNP _bspa _cBNPHU |
||
| 082 |
_axxx _bB562i |
||
| 100 | 1 |
_aBetances, Emelio _971217 |
|
| 245 | 3 |
_aLa iglesia católica y la política del poder en América Latina :. : _bel caso dominicano en perspectiva comparada. |
|
| 260 |
_aSanto Domingo : _bFunglode, _c2017. |
||
| 300 |
_a396 p. ; _c24 cm. |
||
| 999 |
_c46919 _d46919 |
||